<?xml version="1.0" encoding="UTF-8"?><?xml-stylesheet type="text/xsl" href="static/style.xsl"?><OAI-PMH xmlns="http://www.openarchives.org/OAI/2.0/" xmlns:xsi="http://www.w3.org/2001/XMLSchema-instance" xsi:schemaLocation="http://www.openarchives.org/OAI/2.0/ http://www.openarchives.org/OAI/2.0/OAI-PMH.xsd"><responseDate>2026-04-14T19:47:40Z</responseDate><request verb="GetRecord" identifier="oai:uvadoc.uva.es:10324/6596" metadataPrefix="marc">https://uvadoc.uva.es/oai/request</request><GetRecord><record><header><identifier>oai:uvadoc.uva.es:10324/6596</identifier><datestamp>2021-06-18T09:37:48Z</datestamp><setSpec>com_10324_38</setSpec><setSpec>col_10324_787</setSpec></header><metadata><record xmlns="http://www.loc.gov/MARC21/slim" xmlns:doc="http://www.lyncode.com/xoai" xmlns:xsi="http://www.w3.org/2001/XMLSchema-instance" xmlns:dcterms="http://purl.org/dc/terms/" xsi:schemaLocation="http://www.loc.gov/MARC21/slim http://www.loc.gov/standards/marcxml/schema/MARC21slim.xsd">
<leader>00925njm 22002777a 4500</leader>
<datafield tag="042" ind1=" " ind2=" ">
<subfield code="a">dc</subfield>
</datafield>
<datafield tag="720" ind1=" " ind2=" ">
<subfield code="a">Álvarez González, Diego</subfield>
<subfield code="e">author</subfield>
</datafield>
<datafield tag="260" ind1=" " ind2=" ">
<subfield code="c">2014</subfield>
</datafield>
<datafield tag="520" ind1=" " ind2=" ">
<subfield code="a">En el siguiente proyecto se analiza la gestión llevada a cabo en una hacienda situada en la localidad de Tres Equis, en la República de Costa Rica. Entre los años 2007 y 2009 se estableció una plantación forestal de caoba (Swietenia macrophylla King.) y cedro (Cedrela odorata L.) que fue combinada los dos primeros años con un cultivo agrícola, culantro coyote (Eryngium foetidum L.), encontrándose en la actualidad pastoreada por ganado vacuno. En el siguiente análisis se estudiaran los diferentes sistemas (forestal, agrícola y ganadero) que intervienen, con el objetivo de poder documentar y evaluar financieramente dicho manejo, planteando propuestas de mejora que orienten al productor hacia una gestión más eficiente y sostenible. También se pone en marcha un inventario forestal continuo en la plantación con el objeto de estudiar su evolución y obtener indicadores dasométricos que permitan ajustar de forma eficiente los tratamientos futuros a realizar en la masa.</subfield>
</datafield>
<datafield tag="024" ind2=" " ind1="8">
<subfield code="a">http://uvadoc.uva.es/handle/10324/6596</subfield>
</datafield>
<datafield ind1=" " ind2=" " tag="653">
<subfield code="a">Bosques-Gestión-Costa Rica</subfield>
</datafield>
<datafield tag="245" ind1="0" ind2="0">
<subfield code="a">Evaluación de la gestión forestal y propuestas de actuación en una finca tipo de Tres Equis (Costa Rica)</subfield>
</datafield>
</record></metadata></record></GetRecord></OAI-PMH>